Safety clothing for women in industry ... (Record no. 36372)

MARC details
000 -LEADER
fixed length control field 00980cam a22002531 4500
001 - CONTROL NUMBER
control field l 41000120
003 - CONTROL NUMBER IDENTIFIER
control field DLC
005 - DATE AND TIME OF LATEST TRANSACTION
control field 20260227111537.0
008 - FIXED-LENGTH DATA ELEMENTS--GENERAL INFORMATION
fixed length control field 921026s1941 dcua f000 0 eng c
010 ## - LIBRARY OF CONGRESS CONTROL NUMBER
LC control number l 41000120
035 ## - SYSTEM CONTROL NUMBER
System control number (OCoLC)26861142
040 ## - CATALOGING SOURCE
Original cataloging agency U.S. Dept. of Labor. Library
Transcribing agency CLU
Modifying agency CLU
-- DLC
042 ## - AUTHENTICATION CODE
Authentication code premarc
050 00 - LIBRARY OF CONGRESS CALL NUMBER
Classification number HD6093
Item number .A355 no. 3
100 1# - MAIN ENTRY--PERSONAL NAME
Personal name Mettert, Margaret Jane Thompson,
Dates associated with a name 1907-
245 00 - TITLE STATEMENT
Title Safety clothing for women in industry ...
260 ## - PUBLICATION, DISTRIBUTION, ETC.
Place of publication, distribution, etc. Washington,
Name of publisher, distributor, etc. U.S. Govt. Print. Off.,
Date of publication, distribution, etc. 1941.
300 ## - PHYSICAL DESCRIPTION
Extent iii, [1] 11 p.
Other physical details illus.
Dimensions 23 cm.
410 10 - SERIES STATEMENT/ADDED ENTRY--CORPORATE NAME [OBSOLETE, CAN/MARC], [LOCAL, USA]
Corporate name or jurisdiction name as entry element United States.
Subordinate unit Women's Bureau.
Title of a work Special bulletin
Volume number/sequential designation no. 3
500 ## - GENERAL NOTE
General note At head of title United States Dept. of Labor, Frances Perkins, secretary. Women's Bureau, Mary Anderson, director.
500 ## - GENERAL NOTE
General note "The research and the writing of this report are the work of Margaret T. Mettert."--Letter of transmittal.
650 #0 - SUBJECT ADDED ENTRY--TOPICAL TERM
Topical term or geographic name entry element Protective clothing.
650 #0 - SUBJECT ADDED ENTRY--TOPICAL TERM
Topical term or geographic name entry element Women
General subdivision Employment.

No items available.

Powered by Koha